000 00240nam a22000977a 4500
100 _aArya,Geeta
_979627
245 _aThe Life and Times of Bhagat Singh
260 _aDelhi
_bArena Book Shop
_c2017
650 _aChildran Book
_97575
942 _cBK
999 _c63270
_d63270